[Event "Match"]
[Site "www.echecsemail.com"]
[Date "2017.10.27"]
[Round "1"]
[White "Apdash"]
[Black "Pforjan"]
[WhiteElo "2150"]
[BlackElo "2419"]
[Result "1-0"]
[Round "1"]
1.e4 b6
2.d4 Bc8b7
3.d5 e6
4.c4 Ng8f6
5.Bf1d3 Bf8b4
6.Bc1d2 Bb4xd2
7.Nb1xd2 exd5
8.cxd5 O-O
9.Qd1c2 Rf8e8
10.Ng1e2 Bb7a6
11.O-O c6
12.Bd3xa6 Nb8xa6
13.dxc6 dxc6
14.Ra1d1 Qd8c7
15.Kh1 Na6c5
16.Ne2g3 Qc7f4
17.f3 a5
18.a3 a4
19.b4 axb3
20.Nd2xb3 Nc5e6
21.Qc2xc6 Ra8xa3
22.Ng3h5 Qf4b8
23.Nh5xf6 gxf6
24.Qc6b5 Ra3a2
25.Rd1d2 Ra2xd2
26.Nb3xd2 Re8d8
27.Nd2c4 Qb8f4
28.Qb5xb6 Rd8d3
29.Qb6f2 Kf8
30.Nc4b6 Rd3d2
31.Qf2g3 Qf4e3
32.Nb6d5 Qe3e2
33.Rf1g1 { resign }
1-0

[Event "Fast Game"]
[Site "www.echecsemail.com"]
[Date "2017.10.27"]
[Round "1"]
[White "Apdash"]
[Black "Et1"]
[WhiteElo "1879"]
[BlackElo "1599"]
[Result "1-0"]
[Round "1"]
1.e4 c5
2.Bf1c4 e6
3.Nb1c3 g6
4.f4 Bf8g7
5.Ng1f3 Qd8c7
6.d3 a6
7.a4 Nb8c6
8.O-O Ng8e7
9.Bc1e3 d6
10.Kh1 Ra8b8
11.Qd1d2 Qc7b6
12.Ra1b1 Qb6c7
13.Nc3e2 b5
14.axb5 axb5
15.Bc4b3 Bc8d7
16.Ne2g3 Nc6a5
17.Bb3a2 c4
18.Nf3h4 cxd3
19.cxd3 O-O
20.Rb1c1 Qc7d8
21.f5 exf5
22.exf5 Ne7c6
23.Be3g5 Qd8c7
24.fxg6 hxg6
25.Nh4xg6 Rf8e8
26.Rf1xf7 Kh7
27.Qd2d1  { time }
1-0

[Event "Fast Game"]
[Site "www.echecsemail.com"]
[Date "2017.10.27"]
[Round "1"]
[White "Pellix84"]
[Black "Hennie4820"]
[WhiteElo "1650"]
[BlackElo "1720"]
[Result "1-0"]
[Round "1"]
1.d4 Ng8f6
2.c4 g6
3.Nb1c3 Bf8g7
4.e4 d6
5.Bf1e2 O-O
6.f4 e6
7.Ng1f3 Nb8d7
8.O-O b6
9.d5 e5
10.f5 a5
11.a4 Bc8a6
12.fxg6 fxg6
13.Bc1e3 Nf6h5
14.Nf3g5 Nh5f4
15.Be3xf4 exf4
16.Ng5e6 Qd8c8
17.Qd1d2 Bg7e5
18.Rf1f3 Rf8f6
19.Ra1f1 Nd7c5
20.Rf3h3 Nc5xe6
21.dxe6 Qc8xe6
22.Nc3d5 Rf6f7
23.b3 Ra8f8
24.Rh3h4 g5
25.Be2g4 Qe6e8
26.Rh4h6 Be5g7
27.Bg4e6 Bg7xh6
28.Nd5f6 Kh8
29.Nf6xe8 { resign }
1-0

[Event "Tourn. n9497"]
[Site "www.chess-mail.com"]
[Date "2017.10.28"]
[Round "1"]
[White "Prize64"]
[Black "Llcervello"]
[WhiteElo "1740"]
[BlackElo "1650"]
[Result "1-0"]
[Round "1"]
1.e4 e5
2.Ng1f3 d6
3.d4 f6
4.dxe5 Bc8g4
5.exd6 Bf8xd6
6.Bf1c4 Ng8e7
7.Nb1d2 Nb8c6
8.c3 a6
9.h3 Bg4xf3
10.Nd2xf3 b5
11.Bc4e6 Ne7g6
12.O-O Qd8e7
13.Qd1d5 Ra8d8
14.Qd5xc6 Kf8
15.Be6f5 Ng6e5
16.Nf3xe5 Qe7xe5
17.f4 Qe5e8
18.Qc6xe8 Kxe8
19.e5 Bd6c5
20.Kh1 g6
21.Bf5e4 f5
22.Be4f3 Kf7
23.a4 Rh8e8
24.axb5 axb5
25.Rf1d1 Rd8xd1
26.Bf3xd1 Re8d8
27.Bd1c2 h6
28.g3 Bc5e7
29.Ra1a7 Rd8c8
30.Bc1e3 c6
31.Be3c5 Rc8e8
32.Bc2b3 Kf8
33.Ra7xe7 Re8xe7
34.Kg2 Ke8
35.Bc5xe7 Kxe7
36.Kf3 c5
37.Bb3d5 b4
38.cxb4 cxb4
39.Ke3 g5
40.Kd4 g4
41.hxg4 fxg4
42.Kc5 h5
43.Kxb4 h4
44.gxh4 g3
45.Kc5 g2
46.Bd5xg2 { resign }
1-0

[Event "Tourn. n9517"]
[Site "www.chess-mail.com"]
[Date "2017.10.28"]
[Round "1"]
[White "Bojan"]
[Black "Norlavuaram"]
[WhiteElo "1980"]
[BlackElo "2070"]
[Result "1-0"]
[Round "1"]
1.e4 e5
2.Ng1f3 Nb8c6
3.d4 exd4
4.Nf3xd4 Bf8c5
5.Nd4xc6 Qd8f6
6.f3 Qf6xc6
7.Bf1d3 Ng8e7
8.Bc1f4 O-O
9.Nb1d2 Ne7g6
10.Bf4g3 d5
11.Qd1e2 Bc8d7
12.Nd2b3 dxe4
13.Bd3xe4 Qc6b6
14.O-O-O Bc5e3
15.Kb1 Bd7e6
16.Rd1d3 Be3h6
17.f4 Ng6xf4
18.Bg3xf4 Bh6xf4
19.Qe2f3 Bf4h6
20.Be4xb7 Ra8b8
21.Bb7d5 Be6xd5
22.Rd3xd5 c6
23.Rd5d6 Rb8c8
24.Rh1d1 Rf8d8
25.Rd6xd8 Rc8xd8
26.Rd1f1 f6
27.a3 c5
28.Nb3c1 c4
29.Nc1a2 Qb6d4
30.Na2c3 Rd8b8
31.Rf1d1 Qd4b6
32.Qf3d5 Kh8
33.Nc3a4 Qb6c7
34.g3 g6
35.Na4c5 c3
36.b3 Qc7c8
37.Rd1f1 Bh6g7
38.Nc5e6 Rb8b6
39.Ne6xg7 Kxg7
40.Qd5d4 Qc8f8
41.Rf1f3 Qf8xa3
42.Rf3xc3 Qa3e7
43.Kb2 Rb6a6
44.b4 Qe7e1
45.Rc3c7 Kh6
46.Qd4h4 { resign }
1-0

[Event "Tourn. n9517"]
[Site "www.chess-mail.com"]
[Date "2017.10.28"]
[Round "1"]
[White "Falcoale"]
[Black "Norlavuaram"]
[WhiteElo "1990"]
[BlackElo "2070"]
[Result "0-1"]
[Round "1"]
1.e4 e5
2.Ng1f3 Nb8c6
3.b3 Ng8f6
4.Bf1d3 Bf8c5
5.O-O O-O
6.Bc1b2 Rf8e8
7.Nb1c3 a6
8.h3 d5
9.exd5 Nf6xd5
10.Nc3xd5 Qd8xd5
11.Rf1e1 e4
12.Bd3c4 Qd5f5
13.Re1e2 Bc8d7
14.Nf3h2 b5
15.Bc4xf7 Qf5xf7
16.Nh2g4 Bd7xg4
17.hxg4 Re8f8
18.Qd1f1 Nc6d4
19.Bb2xd4 Bc5xd4
20.c3 Bd4b6
21.Ra1c1 Ra8e8
22.c4 Re8e6
23.cxb5 axb5
24.b4 Re6f6
25.Rc1c5 Bb6xc5
26.bxc5 Qf7c4
{ resign }
0-1

[Event "Tourn. n9596"]
[Site "www.chess-mail.com"]
[Date "2017.10.28"]
[Round "1"]
[White "Joaodelisboa"]
[Black "Bojan"]
[WhiteElo "1929"]
[BlackElo "2000"]
[Result "1/2-1/2"]
[Round "1"]
1.e4 e5
2.Ng1f3 Nb8c6
3.d4 exd4
4.Nf3xd4 Nc6xd4
5.Qd1xd4 Ng8e7
6.Bf1c4 Ne7c6
7.Qd4d5 Qd8e7
8.O-O d6
9.Bc4b5 Bc8d7
10.Bc1e3 Qe7f6
11.c3 Bf8e7
12.Nb1d2 Qf6g6
13.Nd2f3 O-O
14.Kh1 a6
15.Bb5e2 Bd7e6
16.Qd5d3 Ra8d8
17.Qd3c2 f5
18.exf5 Qg6xf5
19.Qc2xf5 Be6xf5
20.Ra1d1 h6
21.Nf3d4 Nc6xd4
22.Be3xd4 Be7f6
23.Bd4xf6 { draw }
1/2-1/2

[Event "Tourn. n9546"]
[Site "www.chess-mail.com"]
[Date "2017.10.28"]
[Round "1"]
[White "Attatroll"]
[Black "Falcoale"]
[WhiteElo "1960"]
[BlackElo "1990"]
[Result "1-0"]
[Round "1"]
1.d4 Ng8f6
2.c4 b6
3.Nb1c3 Bc8b7
4.Ng1f3 e6
5.e3 Bf8b4
6.a3 Bb4xc3
7.bxc3 O-O
8.Bf1d3 h6
9.O-O Nf6e4
10.Qd1c2 f5
11.Nf3d2 d6
12.Nd2xe4 fxe4
13.Bd3xe4 c6
14.Be4h7 Kh8
15.Bh7e4 Nb8d7
16.a4 Ra8c8
17.Bc1a3 Nd7f6
18.Be4f3 Rf8f7
19.Qc2g6 Qd8e8
20.Ba3xd6 Rc8d8
21.Bd6e5 Rd8d7
22.Be5xf6 Qe8f8
23.Bf6e5 Rf7f5
24.Bf3e4 Qf8f7
25.Be4xf5 exf5
26.Qg6xf7 Rd7xf7
27.a5 { resign }
1-0

[Event "Tourn. n9541"]
[Site "www.chess-mail.com"]
[Date "2017.10.28"]
[Round "1"]
[White "Estonia"]
[Black "Prize64"]
[WhiteElo "1990"]
[BlackElo "1850"]
[Result "0-1"]
[Round "1"]
1.d4 Ng8f6
2.c4 e6
3.Nb1c3 Bf8b4
4.Qd1c2 c5
5.e3 O-O
6.Bf1d3 d5
7.Ng1f3 cxd4
8.Nf3xd4 dxc4
9.Bd3xc4 Nb8d7
10.O-O Nd7e5
11.Bc4b3 Bc8d7
12.Bc1d2 Ra8c8
13.a3 Bb4xc3
14.Bd2xc3 Ne5c4
15.Bb3xc4 Rc8xc4
16.Qc2b3 Qd8c7
17.f4 Nf6d5
18.Ra1e1 Nd5xc3
19.bxc3 Rc4xc3
20.Qb3b2 h6
21.Re1c1 Rf8c8
22.Rc1xc3 Qc7xc3
23.Qb2xc3 Rc8xc3
24.e4 Rc3xa3
25.h4 Ra3d3
26.Nd4c2 Bd7c6
27.e5 Rd3d2
28.Nc2e1 a5
29.Ne1f3 Bc6xf3
30.Rf1xf3 b5
31.f5 Rd2d5
32.fxe6 fxe6
33.Rf3a3 b4
{ resign }
0-1

[Event "Tourn. n9555"]
[Site "www.chess-mail.com"]
[Date "2017.10.28"]
[Round "1"]
[White "Tonino1"]
[Black "Falcoale"]
[WhiteElo "2170"]
[BlackElo "2010"]
[Result "1-0"]
[Round "1"]
1.d4 Ng8f6
2.f4 e6
3.e3 b6
4.Ng1f3 Bc8b7
5.Bf1d3 Nf6e4
6.Nb1d2 Ne4f6
7.a3 d6
8.c4 Bf8e7
9.O-O O-O
10.b4 Nb8d7
11.Bc1b2 c5
12.b5 Nf6g4
13.Qd1e2 f5
14.h3 Ng4f6
15.Nf3g5 Qd8c8
16.Ng5xe6 Rf8e8
17.d5 Nd7f8
18.Bd3xf5 g6
19.Bf5g4 Nf6xg4
20.Qe2xg4 Nf8xe6
21.dxe6 Be7f8
22.f5 Bf8g7
23.Bb2xg7 Kxg7
24.f6 Kh8
25.f7 Re8f8
26.e7 Qc8xg4
27.exf8Q Ra8xf8
28.hxg4 Kg7
29.Ra1e1 { resign }
1-0

[Event "Tourn. n9456"]
[Site "www.chess-mail.com"]
[Date "2017.10.28"]
[Round "1"]
[White "Tartan"]
[Black "Pdebonis"]
[WhiteElo "2430"]
[BlackElo "2640"]
[Result "0-1"]
[Round "1"]
1.d4 Ng8f6
2.Ng1f3 e6
3.c4 b6
4.g3 Bc8b7
5.Bf1g2 Bf8e7
6.Nb1c3 d5
7.O-O Nb8d7
8.cxd5 Nf6xd5
9.Nc3xd5 exd5
10.Qd1c2 O-O
11.Bc1f4 c5
12.Rf1d1 Rf8e8
13.Ra1c1 Be7f6
14.e3 Ra8c8
15.Qc2a4 g5
16.Bf4d6 Re8e6
17.Bd6e5 Nd7xe5
18.dxe5 Bf6xe5
19.Nf3xe5 Re6xe5
20.Qa4xa7 Re5e7
21.Qa7a4 Rc8a8
22.Qa4b3 Re7d7
23.a3 Bb7c6
24.Rd1d2 Ra8a7
25.Qb3c2 Rd7d6
26.h3 h6
27.Qc2f5 Bc6d7
28.Qf5c2 Bd7e6
29.b4 c4
30.Qc2c3 b5
31.Rc1d1 Ra7a6
32.f4 gxf4
33.gxf4 Qd8h4
34.e4 d4
35.Rd2xd4 Qh4xf4
36.Rd1f1 Qf4g5
37.Rd4d1 Rd6xd1
38.Rf1xd1 Kh7
39.e5 Be6f5
40.Qc3f3 Ra6g6
41.Rd1f1 Bf5e6
42.Kh1 Qg5xe5
43.Qf3e4 Qe5g3
{ resign }
0-1

[Event "Tourn. n9548"]
[Site "www.chess-mail.com"]
[Date "2017.10.28"]
[Round "1"]
[White "Luban"]
[Black "Prize64"]
[WhiteElo "2060"]
[BlackElo "1880"]
[Result "1/2-1/2"]
[Round "1"]
1.d4 Ng8f6
2.c4 g6
3.e3 Bf8g7
4.Ng1f3 d6
5.h3 O-O
6.Bf1d3 Nb8d7
7.Nb1c3 e5
8.Qd1c2 Rf8e8
9.O-O a6
10.b3 c6
11.Bc1b2 Qd8e7
12.dxe5 dxe5
13.Nf3d2 Nd7c5
14.Nc3e4 Nc5xe4
15.Nd2xe4 Nf6xe4
16.Bd3xe4 f5
17.Be4f3 e4
18.Bf3e2 Bc8e6
19.Ra1d1 Bg7xb2
20.Qc2xb2 Qe7g7
21.Qb2xg7 Kxg7
22.Rd1d6 Kf6
23.c5 Ra8d8
24.Rf1d1 Rd8xd6
25.Rd1xd6 Ke7
26.Rd6d4 Kf6
27.Be2d1 Ke7
28.a3 Re8d8
29.Rd4xd8 Kxd8
30.Kf1 Kc7
31.Ke2 b6
32.cxb6 Kxb6
33.Kd2 a5
34.Kc3 c5
35.b4 cxb4
36.axb4 axb4
37.Kxb4 h6
38.h4 g5
39.hxg5 hxg5
40.Bd1c2 Kc6
41.f3 Be6d5
42.fxe4 { draw }
1/2-1/2

[Event "Tourn. n9567"]
[Site "www.chess-mail.com"]
[Date "2017.10.28"]
[Round "1"]
[White "Begory"]
[Black "Cal"]
[WhiteElo "1610"]
[BlackElo "1690"]
[Result "0-1"]
[Round "1"]
1.d4 d5
2.Bc1f4 e6
3.Nb1c3 h6
4.Nc3b5 Bf8d6
5.Bf4xd6 cxd6
6.c3 a6
7.Nb5a3 Bc8d7
8.e3 Ng8f6
9.Bf1d3 Nb8c6
10.Ng1f3 b5
11.O-O O-O
12.b3 Rf8e8
13.c4 dxc4
14.bxc4 b4
15.Na3c2 a5
16.d5 exd5
17.cxd5 Nc6e7
18.Nc2d4 Ne7xd5
19.h3 Nd5c3
20.Qd1b3 d5
21.e4 dxe4
22.Bd3c4 Re8e7
23.Nf3d2 Bd7e8
24.f3 Qd8xd4
25.Kh1 Qd4xd2
26.Rf1d1 Qd2f2
27.Rd1f1 Qf2g3
28.fxe4 Nf6xe4
29.Rf1f3 Ne4f2
30.Kg1 Nf2xh3
31.Kf1 Re7e1
32.Ra1xe1 Qg3g5
33.gxh3 Be8c6
34.Rf3f2 Ra8a7
35.a3 Ra7b7
36.Re1e8 Bc6xe8
37.a4 Qg5c1
38.Kg2 Be8c6
39.Kh2 Qc1h1
40.Kg3 Nc3e4
{ resign }
0-1

[Event "Tourn. n9594"]
[Site "www.chess-mail.com"]
[Date "2017.10.28"]
[Round "1"]
[White "Fantomas"]
[Black "Bojan"]
[WhiteElo "2120"]
[BlackElo "2000"]
[Result "1-0"]
[Round "1"]
1.e4 e5
2.Ng1f3 Nb8c6
3.Bf1b5 Qd8f6
4.Nb1c3 Ng8e7
5.d3 h6
6.Bb5a4 g5
7.Nc3b5 Kd8
8.d4 exd4
9.Nb5xd4 Bf8g7
10.c3 Nc6e5
11.Ba4c2 a6
12.Qd1e2 d6
13.Nf3xe5 Qf6xe5
14.Bc1e3 c5
15.Ra1d1 Ne7g6
16.Nd4f3 Qe5e7
17.Be3xc5 Bc8d7
18.Bc5xd6 Qe7e6
19.Bc2b3 Qe6f6
20.O-O Ke8
21.e5 Qf6f5
22.Nf3d4 Ng6f4
23.Qe2f3 Qf5g6
24.Qf3xb7 Ra8c8
25.Bb3a4 { resign }
1-0

[Event "Tourn. n9565"]
[Site "www.chess-mail.com"]
[Date "2017.10.28"]
[Round "1"]
[White "Falcoale"]
[Black "Luban"]
[WhiteElo "2010"]
[BlackElo "2130"]
[Result "1-0"]
[Round "1"]
1.e4 c5
2.Ng1f3 d6
3.d4 cxd4
4.Nf3xd4 Ng8f6
5.Nb1c3 a6
6.Bf1d3 e6
7.O-O Bf8e7
8.Nd4e2 Nb8c6
9.f4 Qd8c7
10.Rf1e1 b5
11.b3 Bc8b7
12.Ne2g3 O-O-O
13.Bc1d2 Kb8
14.a4 b4
15.Nc3e2 a5
16.c3 d5
17.e5 bxc3
18.Ne2xc3 Nf6d7
19.Nc3b5 Qc7c8
20.Ra1c1 Nd7c5
21.Bd3f1 Nc6a7
22.Nb5xa7 Kxa7
23.Bd2xa5 Rd8d7
24.b4 { resign }
1-0

[Event "Match"]
[Site "www.echecsemail.com"]
[Date "2017.10.28"]
[Round "1"]
[White "Canario"]
[Black "Cjood"]
[WhiteElo "1830"]
[BlackElo "1910"]
[Result "1-0"]
[Round "1"]
1.e4 e5
2.Ng1f3 Nb8c6
3.d4 d6
4.d5 Nc6e7
5.Nb1c3 b6
6.Bf1b5 Bc8d7
7.Qd1e2 a6
8.Bb5xa6 f5
9.Bc1g5 f4
10.a4 h6
11.Bg5xe7 Bf8xe7
12.Ba6b7 Ra8b8
13.Bb7c6 Bd7xc6
14.dxc6 g5
15.h3 Ng8f6
16.b4 O-O
17.b5 Kh7
18.Nf3h2 Rf8e8
19.Nh2g4 Nf6xg4
20.Qe2xg4 Be7f6
21.Nc3d5 Kg7
22.Qg4d7 Qd8xd7
23.cxd7 Re8e7
24.Nd5xe7 Bf6xe7
25.O-O Rb8d8
26.a5 bxa5
27.Ra1xa5 Rd8xd7
28.Ra5a7 Kf6
29.b6 Rd7d8
30.Ra7xc7 Rd8b8
31.Rf1b1 Be7d8
32.Rc7c6 Ke6
33.c4 Kd7
34.Rc6xd6 Kxd6
35.b7 Kc5
36.Rb1b5 Kxc4
37.Rb5xe5 Rb8xb7
38.f3 Bd8b6
39.Kf1 Bb6d4
40.Re5e6 Kd3
41.g4 Ke3
42.Re6c6 Kxf3
43.Ke1 Kxe4
44.Rc6c2 Rb7b1
45.Ke2  { time }
1-0

[Event "Match"]
[Site "www.echecsemail.com"]
[Date "2017.10.28"]
[Round "1"]
[White "Apdash"]
[Black "Gambitmiau"]
[WhiteElo "2000"]
[BlackElo "1960"]
[Result "1/2-1/2"]
[Round "1"]
1.e4 Nb8c6
2.d4 d5
3.exd5 Qd8xd5
4.Ng1f3 Bc8g4
5.Bc1e3 Bg4xf3
6.gxf3 O-O-O
7.c4 Qd5a5
8.Nb1c3 e5
9.d5 Ng8f6
10.Bf1h3 Kb8
11.O-O h6
12.Qd1e2 Nc6d4
13.Be3xd4 exd4
14.Nc3e4 Nf6h5
15.Bh3g2 Nh5f4
16.Qe2d1 d3
17.Qd1d2 Qa5xd2
18.Ne4xd2 Bf8b4
19.Rf1d1 Rd8d6
20.Nd2e4 Rd6g6
21.Ne4g3 Rh8e8
22.a3 Bb4c5
23.Bg2f1 h5
24.h4 Nf4h3
25.Bf1xh3 Re8e2
26.Kh2 Re2xf2
27.Bh3g2 Bc5d6
28.Kh1 Rg6xg3
29.Rd1g1 Bd6c5
30.b4 Bc5d4
31.Ra1e1 b6
32.Re1e4 Bd4f6
33.f4 Bf6xh4
34.f5 Bh4f6
35.b5 Rf2e2
36.Re4xe2 dxe2
37.Rg1e1 Rg3e3
38.Kg1 Bf6h4
39.Re1a1 e1Q
40.Ra1xe1 Re3xe1
41.Kh2 Re1e3
42.Bg2f1 Re3xa3
43.Kg2 a5
44.bxa6 Ra3xa6
45.c5 bxc5
46.Bf1xa6 Ka7
47.Ba6e2 Kb7
48.Be2xh5 f6
49.Kf3 c4
50.Ke4 Kb6
51.Kd4 Kb5
52.Bh5e2 Bh4f2
53.Kc3 Bf2e1
54.Kd4 Kb4
55.Be2xc4 Be1f2
56.Kd3 Kc5
57.Bc4a2 Bf2d4
58.Ba2b3 Bd4e5
59.Ke4 Kd6
60.Bb3d1 c6
61.dxc6 Kxc6
62.Bd1h5 Kd6
63.Bh5g6 Ke7
64.Bg6h7 Kf7
65.Bh7g6 Kg8
{ draw }
1/2-1/2

[Event "Match"]
[Site "www.echecsemail.com"]
[Date "2017.10.28"]
[Round "1"]
[White "Luke1302"]
[Black "Sonny1000"]
[WhiteElo "1310"]
[BlackElo "1510"]
[Result "0-1"]
[Round "1"]
1.e4 e5
2.g3 a6
3.Bf1g2 Nb8c6
4.Nb1a3 b5
5.b4 Nc6xb4
6.Ng1h3 h6
7.Bc1b2 Bf8c5
8.Bb2xe5 Ng8f6
9.Nh3f4 Nf6xe4
10.Bg2xe4 Ra8b8
11.Be5xg7 Rh8h7
12.Be4xh7 Qd8e7
13.Nf4e2 Bc8b7
14.c3 Bb7xh1
{ resign }
0-1

[Event "Match"]
[Site "www.echecsemail.com"]
[Date "2017.10.28"]
[Round "1"]
[White "Apdash"]
[Black "Add"]
[WhiteElo "2160"]
[BlackElo "2190"]
[Result "1-0"]
[Round "1"]
1.e4 Nb8c6
2.d4 e6
3.Ng1f3 d5
4.exd5 exd5
5.c4 h6
6.Nb1c3 Ng8f6
7.cxd5 Nf6xd5
8.Bf1e2 Bf8e7
9.O-O a6
10.Be2c4 Nd5xc3
11.bxc3 O-O
12.a4 Be7f6
13.Bc1e3 Bc8g4
14.Bc4e2 Nc6e7
15.h3 Bg4f5
16.Qd1b3 Ra8b8
17.Ra1d1 Ne7d5
18.Be3c1 Bf5e6
19.c4 Nd5b6
20.a5 Nb6c8
21.d5 Be6f5
22.Nf3d4 Bf5d7
23.Nd4c6 Bd7xc6
24.dxc6 Qd8e7
25.Be2f3 Rf8d8
26.cxb7 Nc8d6
27.c5 Nd6b5
28.Rd1xd8 Qe7xd8
29.Bc1e3 Nb5d4
30.Be3xd4 Bf6xd4
31.c6 Bd4a7
32.Qb3c4 Qd8d6
33.Qc4xa6 Qd6c5
34.g3 Rb8d8
35.Qa6e2 Qc5xa5
36.Qe2e7 Rd8f8
37.Rf1d1 Qa5c3
38.Kg2 Qc3c2
39.Qe7e2 Qc2c5
40.Rd1a1 Rf8d8
41.Ra1a6 Ba7b8
42.Ra6a8 Qc5d4
43.Bf3g4 Qd4d5
44.Qe2f3 { resign }
1-0

[Event "Match"]
[Site "www.echecsemail.com"]
[Date "2017.10.28"]
[Round "1"]
[White "Bojan"]
[Black "Mitja"]
[WhiteElo "1980"]
[BlackElo "1910"]
[Result "0-1"]
[Round "1"]
1.e4 d5
2.exd5 Qd8xd5
3.Nb1c3 Qd5d8
4.Bf1c4 e6
5.a3 a6
6.Ng1f3 h6
7.O-O Ng8f6
8.Qd1e2 Nb8d7
9.d4 Nd7b6
10.Bc4b3 Nb6d5
11.Bc1d2 Nd5xc3
12.Bd2xc3 Nf6d5
13.Bc3d2 Bf8e7
14.c4 Nd5f6
15.Ra1d1 b6
16.Nf3e5 Bc8b7
17.Bb3a4 Kf8
18.Bd2c3 Ra8c8
19.Ne5c6 Bb7xc6
20.Ba4xc6 Kg8
21.Bc6b7 Rc8b8
22.Bb7xa6 c6
23.Qe2f3 Qd8c7
24.b4 b5
25.cxb5 cxb5
26.a4 bxa4
27.b5 Nf6d5
28.Bc3b2 Kh7
29.Rd1a1 Rh8f8
30.Rf1c1 Qc7d7
31.Ra1xa4 Kg8
32.Rc1c6 Rb8b6
33.Rc6c2 Nd5c7
34.Qf3e2 Nc7xb5
35.Ba6xb5 Rb6xb5
36.g3 Rb5xb2
37.Rc2xb2 Qd7xa4
38.Rb2d2 Be7f6
39.d5 exd5
40.Rd2xd5 Qa4a1
41.Rd5d1 Qa1c3
42.h3 Rf8a8
43.Kh2 Qc3c6
44.f3 Ra8e8
45.Qe2f1 Qc6c2
46.Kh1 Re8e2
47.Kg1 Re2h2
48.Rd1d8 Bf6xd8
{ resign }
0-1

[Event "Match"]
[Site "www.echecsemail.com"]
[Date "2017.10.28"]
[Round "1"]
[White "Gidi5"]
[Black "Biggles"]
[WhiteElo "2059"]
[BlackElo "2170"]
[Result "1-0"]
[Round "1"]
1.e4 e5
2.Ng1f3 Nb8c6
3.Bf1c4 Bf8c5
4.c3 Ng8f6
5.d3 O-O
6.b4 Bc5e7
7.O-O Rf8e8
8.Qd1b3 Re8f8
9.Nf3g5 Qd8e8
10.Nb1a3 h6
11.Ng5f3 d6
12.h3 a6
13.Qb3d1 Bc8d7
14.Na3c2 Qe8c8
15.Kh2 Nc6d8
16.Bc1e3 Nd8e6
17.Nf3h4 b5
18.Nh4f5 Rf8e8
19.Bc4b3 c5
20.Qd1e2 Ne6f8
21.Nf5xe7 Re8xe7
22.f4 Bd7e6
23.Bb3xe6 Nf8xe6
24.fxe5 dxe5
25.Be3xh6 Ne6f4
26.Bh6xf4 exf4
27.Rf1xf4 cxb4
28.cxb4 Qc8c7
29.g3 Nf6h5
30.Rf4g4 Ra8c8
31.Nc2d4 Qc7c3
32.Nd4f5 Re7xe4
33.Rg4xe4 Qc3xa1
34.Nf5e7 Kh7
35.Qe2xh5 
1-0

[Event "1/64 Finale"]
[Site "www.chess-mail.com"]
[Date "2017.10.28"]
[Round "1"]
[White "Guidom"]
[Black "Gvladutz"]
[WhiteElo "2150"]
[BlackElo "2490"]
[Result "0-1"]
[Round "1"]
1.e4 c5
2.Ng1f3 d6
3.d4 cxd4
4.Nf3xd4 Ng8f6
5.Bf1d3 Nb8c6
6.c3 e5
7.Nd4xc6 bxc6
8.O-O Bf8e7
9.Bc1g5 h6
10.Bg5h4 g5
11.Bh4g3 h5
12.h4 Nf6g4
13.hxg5 h4
14.Bg3h2 Be7xg5
15.Bd3e2 Ng4xh2
16.Kxh2 Ra8b8
17.Qd1c2 Bg5f4
18.Kg1 Qd8g5
19.Be2f3 Ke7
20.Nb1a3 Bc8h3
21.Na3c4 Bh3xg2
22.Bf3xg2 h3
23.f3 hxg2
24.Qc2xg2 Qg5xg2
25.Kxg2 Rh8h2
{ resign }
0-1

[Event "Tourn. n9387"]
[Site "www.chess-mail.com"]
[Date "2017.10.29"]
[Round "1"]
[White "Hundegana"]
[Black "Falcoale"]
[WhiteElo "2000"]
[BlackElo "2050"]
[Result "1/2-1/2"]
[Round "1"]
1.e4 c5
2.Bf1c4 e6
3.Ng1f3 d6
4.O-O Bc8d7
5.a4 a6
6.c3 Nb8c6
7.d3 Ng8f6
8.h3 Bf8e7
9.Bc1f4 O-O
10.Nb1d2 Qd8c8
11.Rf1e1 h6
12.Nf3h2 d5
13.Bc4a2 Rf8d8
14.exd5 Nf6xd5
15.Ba2xd5 exd5
16.Nd2f3 Bd7e6
17.Nf3e5 Nc6xe5
18.Bf4xe5 Be7d6
19.Be5xd6 Rd8xd6
20.Nh2f3 Qc8c7
21.Nf3e5 Ra8d8
22.d4 c4
23.Re1e3 Be6f5
24.Re3g3 Bf5g6
25.Qd1d2 Qc7e7
26.Ra1e1 Rd6e6
27.f4 Bg6e4
28.Qd2d1 Qe7h4
29.Qd1g4 Qh4xg4
30.Rg3xg4 Be4f5
31.Rg4g3 Bf5e4
32.Rg3e3 b5
33.axb5 axb5
34.Re1a1 f6
35.Ne5g4 Rd8e8
36.Ra1a5 Re6b6
37.Ng4f2 f5
38.Kh2 Re8e6
39.g3 b4
40.Nf2xe4 Re6xe4
41.Re3xe4 bxc3
42.bxc3 dxe4
43.Ra5xf5 Rb6b3
44.Rf5e5 Rb3xc3
45.Re5xe4 Rc3c2
46.Kg1 c3
47.Kf1 Rc2h2
48.Re4e2 Rh2xh3
49.Kg2 Rh3h5
50.Re2c2 Rh5d5
51.Rc2xc3 Rd5xd4
52.Rc3c7 Rd4d1
53.Kf3 h5
54.f5 Rd1d3
55.Kf4 Rd3d4
56.Kg5 Rd4g4
57.Kxh5 Rg4xg3
58.Kh4 Rg3f3
59.Kg4 Rf3f1
60.Rc7a7 Rf1g1
61.Kf4 Rg1f1
62.Ke5 Rf1e1
63.Kf4 Kh7
64.f6 Re1f1
65.Kg5 Rf1xf6
66.Ra7e7 Rf6a6
67.Kf5 Ra6a5
68.Kg4 Kg6
69.Re7e6 Kf7
70.Re6e4 g6
71.Re4f4 Ke6
72.Rf4b4 Ra5a1
73.Kg5 Ra1g1
74.Kf4 g5
75.Kf3 Kf6
76.Rb4c4 Kg6
77.Kf2 Rg1a1
78.Kf3 Kh5
79.Kg3 Ra1a3
80.Kg2 Ra3e3
81.Rc4a4 g4
82.Ra4a5 Kh4
83.Ra5a2 Re3f3
84.Ra2c2 Rf3d3
85.Rc2a2 Rd3d4
86.Ra2c2 Rd4d3
87.Rc2b2 Rd3e3
{ draw }
1/2-1/2

[Event "Tourn. n9505"]
[Site "www.chess-mail.com"]
[Date "2017.10.29"]
[Round "1"]
[White "Odin"]
[Black "Welberth"]
[WhiteElo "1790"]
[BlackElo "1900"]
[Result "1/2-1/2"]
[Round "1"]
1.d4 Ng8f6
2.Nb1c3 d5
3.Bc1f4 g6
4.g3 Bf8g7
5.Bf1g2 c6
6.Ng1f3 O-O
7.O-O Nb8d7
8.Rf1e1 Nf6h5
9.Qd1c1 Nh5xf4
10.Qc1xf4 Rf8e8
11.e4 dxe4
12.Nc3xe4 Nd7f6
13.Ra1d1 Nf6xe4
14.Re1xe4 Bc8f5
15.Re4e2 Qd8d7
16.Rd1e1 Ra8d8
17.Nf3e5 Qd7xd4
18.Qf4c1 Bf5e6
19.c3 Qd4b6
20.a3 Be6d5
21.Qc1f4 Bg7xe5
22.Re2xe5 Bd5xg2
23.Kxg2 Qb6xb2
24.Re5xe7 Re8xe7
25.Re1xe7 Rd8f8
26.Qf4d4 Qb2xa3
27.Re7xb7 a5
28.Rb7a7 Rf8b8
29.Qd4c4 Qa3b3
30.Qc4xc6 Qb3b5
31.Qc6f3 Rb8f8
32.Ra7b7 Qb5a6
33.h4 a4
34.Rb7b1 a3
35.Rb1a1 Rf8b8
36.c4 a2
37.Qf3e2 Rb8a8
38.Qe2c2 Qa6a4
{ draw }
1/2-1/2

[Event "Tourn. n9506"]
[Site "www.chess-mail.com"]
[Date "2017.10.29"]
[Round "1"]
[White "Cjood"]
[Black "Samyaksamadh"]
[WhiteElo "1950"]
[BlackElo "1819"]
[Result "0-1"]
[Round "1"]
1.e4 e5
2.Ng1f3 Nb8c6
3.Bf1c4 Ng8f6
4.Nf3g5 d5
5.exd5 Nc6a5
6.Qd1e2 h6
7.Bc4b5 c6
8.dxc6 bxc6
9.Qe2xe5 Qd8e7
10.Qe5xe7 Bf8xe7
11.Ng5xf7 Kxf7
12.Bb5e2 Bc8f5
13.d3 Rh8e8
14.O-O Be7d6
15.Nb1c3 Ra8b8
16.a3 Na5b7
17.Be2f3 c5
18.Nc3b5 Bd6e5
19.Ra1b1 a6
20.Nb5c3 Nb7d6
21.Nc3d5 Nf6xd5
22.Bf3xd5 Kg6
23.Rf1e1 Be5d4
24.Re1xe8 Rb8xe8
25.Bc1f4 Bd4e5
26.Bf4xe5 Re8xe5
27.Bd5f3 c4
28.d4 Re5e7
 { time }
0-1

[Event "Tourn. n9542"]
[Site "www.chess-mail.com"]
[Date "2017.10.29"]
[Round "1"]
[White "Norlavuaram"]
[Black "Apdash"]
[WhiteElo "2080"]
[BlackElo "2049"]
[Result "1-0"]
[Round "1"]
1.e4 c5
2.Ng1f3 d6
3.d4 cxd4
4.Nf3xd4 Nb8c6
5.Bf1e2 g6
6.c4 Bf8g7
7.Bc1e3 Ng8f6
8.Nb1c3 Bc8d7
9.O-O O-O
10.Qd1d2 Nc6xd4
11.Be3xd4 Kh8
12.Rf1d1 Bd7c6
13.f3 a6
14.Ra1c1 Nf6d7
15.b4 Bg7xd4
16.Qd2xd4 Kg8
17.b5 axb5
18.cxb5 h5
19.bxc6 bxc6
20.Be2c4 Nd7e5
21.Bc4b3 Kh7
22.f4 Ne5g4
23.h3 c5
24.Qd4d2 Ng4h6
25.Nc3d5 Ra8c8
26.Qd2f2 e6
27.Nd5e3 Qd8e7
28.f5 exf5
29.exf5 gxf5
30.Ne3xf5 Nh6xf5
31.Qf2xf5 Kg7
32.Rc1c3 Rf8h8
33.Rc3g3 Kh6
34.Qf5f4 Kh7
35.Bb3c2 { resign }
1-0

[Event "Tourn. n9592"]
[Site "www.chess-mail.com"]
[Date "2017.10.29"]
[Round "1"]
[White "Apdash"]
[Black "Coolant"]
[WhiteElo "2240"]
[BlackElo "2350"]
[Result "0-1"]
[Round "1"]
1.e4 e5
2.Ng1f3 Nb8c6
3.d4 exd4
4.Nf3xd4 Qd8h4
5.Qd1d3 Ng8f6
6.Nb1d2 Bf8c5
7.g3 Qh4h5
8.Nd4xc6 dxc6
9.Nd2b3 Bc5b6
10.Bc1e3 Qh5f3
11.Rh1g1 Qf3xe4
12.Qd3xe4 Nf6xe4
13.Be3xb6 axb6
14.f3 Ne4d6
15.Bf1g2 Nd6c4
16.f4 O-O
17.Kf2 Nc4xb2
18.Rg1e1 Bc8e6
19.h3 Ra8a4
20.c3 Nb2d3
{ resign }
0-1

[Event "Tourn. n9538"]
[Site "www.chess-mail.com"]
[Date "2017.10.29"]
[Round "1"]
[White "Nulladies"]
[Black "Churrasca"]
[WhiteElo "1920"]
[BlackElo "1980"]
[Result "0-1"]
[Round "1"]
1.d4 Ng8f6
2.Bc1f4 d5
3.e3 e6
4.c3 c5
5.Bf1b5 Bc8d7
6.Qd1a4 Bf8e7
7.Ng1f3 O-O
8.Nf3e5 a6
9.Bb5xd7 Nb8xd7
10.Nb1d2 b5
11.Qa4d1 Nd7xe5
12.dxe5 Nf6d7
13.O-O c4
14.Nd2f3 Qd8c7
15.Nf3g5 Be7xg5
16.Bf4xg5 Qc7xe5
17.Bg5f4 Qe5f5
18.Qd1f3 Nd7e5
19.Bf4xe5 Qf5xe5
20.Rf1d1 b4
21.Ra1b1 bxc3
22.bxc3 Qe5xc3
23.Rd1c1 Qc3e5
24.a4 Rf8b8
25.Qf3e2 Rb8xb1
26.Rc1xb1 Ra8b8
27.Rb1xb8 Qe5xb8
28.Qe2c2 Qb8b3
{ resign }
0-1

[Event "Tourn. n9590"]
[Site "www.chess-mail.com"]
[Date "2017.10.29"]
[Round "1"]
[White "Luban"]
[Black "Bojan"]
[WhiteElo "2070"]
[BlackElo "1970"]
[Result "0-1"]
[Round "1"]
1.d4 d5
2.Ng1f3 g6
3.h3 Bf8g7
4.e3 a6
5.c4 Nb8d7
6.Nb1c3 dxc4
7.Bf1xc4 Nd7b6
8.Bc4d3 Ng8f6
9.O-O Bc8e6
10.b3 Nf6d5
11.Nc3xd5 Be6xd5
12.Bc1b2 e6
13.Rf1e1 f6
14.e4 Bd5c6
15.d5 Bc6d7
16.Bb2a3 Kf7
17.Ba3c5 Nb6c8
18.Bd3c4 Rh8e8
19.Nf3d4 Nc8d6
20.dxe6 Bd7xe6
21.Nd4xe6 Re8xe6
22.Bc4xe6 Kxe6
23.Bc5xd6 cxd6
24.Ra1c1 Ke7
25.Qd1c2 Kd7
26.Re1e3 Bg7h6
{ resign }
0-1